| 000 | 00909cam a22002531 4500 | ||
|---|---|---|---|
| 001 | 10136135 | ||
| 003 | ARRUPE | ||
| 005 | 20160205122809.0 | ||
| 008 | 751021s1924 xx 000 0 eng | ||
| 010 | _a 24027432 | ||
| 035 | _a(OCoLC)1722843 | ||
| 040 |
_aDLC _cViU _dOCoLC _dDLC |
||
| 042 | _apremarc | ||
| 050 | 0 | 0 |
_aSK255.K4 _bP4 |
| 100 | 1 |
_aPercival, A. Blayney _q(Arthur Blayney) _921836 |
|
| 245 | 1 | 2 |
_aA game ranger's note book, _cby A. Blayney Percival ... ed. by E. D. Cuming, with illustrations from photographs by the author and Mr. Martin Johnson. |
| 260 |
_aLondon, _bNisbet and Co. Ltd. _c[1924] |
||
| 300 |
_axvii, 374 p. _bplates, fold. map. _c23 cm. |
||
| 500 | _aPrinted in Great Britain. | ||
| 650 | 0 |
_aHunting _zKenya. _921737 |
|
| 700 | 1 |
_aCuming, E. D. _q(Edward William Dirom), _d1862-1941. _921837 _eed. |
|
| 906 |
_a7 _bcbc _coclcrpl _du _encip _f19 _gy-gencatlg |
||
| 942 |
_2lcc _cSPC |
||
| 999 |
_c124048 _d124048 |
||